| 000 | 00502nam a22001337a 4500 | ||
|---|---|---|---|
| 008 | 140211b xxu||||| |||| 00| 0 eng d | ||
| 050 | _aHN49.C6S731 2006 | ||
| 245 |
_aSowing our Seeds _bstrengthening citizen participation in local decision-making / _cKathy Bond-Stewart |
||
| 260 |
_aHarare _bAfrica Community Publishing and Development Trust _c2006 |
||
| 300 | _ap. | ||
| 440 |
_aCommunity Capacity Building series _nno.7 _98595 |
||
| 650 |
_aCommunity development _98596 |
||
| 942 |
_2lcc _cMONOGRAPH |
||
| 999 |
_c120031 _d120031 |
||